Complete the Iron Maiden Song Title - Statistics

General Stats
  • This quiz has been taken 228 times
  • The average score is 23 of 26
Answer Stats
Hint Answer % Correct
Fear Of The Dark
98%
The Number Of The Beast
97%
Run To The Hills
97%
Be Quick Or Be Dead
96%
2 Minutes To Midnight
96%
Flight Of Icarus
95%
Speed Of Light
94%
Children Of The Damned
93%
Stranger In A Strange Land
91%
Heaven Can Wait
91%
Can I Play With Madness
90%
The Wicker Man
90%
The Book Of Souls
90%
Brave New World
90%
Bring Your Daughter... To The Slaughter
89%
Lightning Strikes Twice
88%
Only The Good Die Young
88%
Darkest Hour
86%
Judas Be My Guide
84%
Sign Of The Cross
78%
Mother Of Mercy
78%
Weekend Warrior
76%
Ghost Of The Navigator
74%
Holy Smoke
73%
These Colours Don't Run
67%
Twilight Zone
66%
No matching quizzes found
Score Distribution
Percent of People with Each Score
Percentile by Number Answered
Your Score History
You have not taken this quiz